| 000 | 00362nam a2200133Ia 4500 | ||
|---|---|---|---|
| 008 | 240624s9999 xx 000 0 und d | ||
| 041 | _aeng | ||
| 082 | _a658.45 SCH | ||
| 100 | _aSCHMIDT WALLACE V | ||
| 245 | _aCOMMUNICATING GLOBALLY INTERCULTURAL COM | ||
| 260 |
_c2007 _aNew Delhi _bSage Publications |
||
| 300 | _axvi, : 319 : p. : cm. ; 22 | ||
| 365 |
_cBPS _b30 |
||
| 999 |
_c8519 _d8519 |
||